| 000 | 01755nam a22002657a 4500 | ||
|---|---|---|---|
| 001 | 1501 | ||
| 003 | CO-MdFUSB | ||
| 005 | 20180622072715.0 | ||
| 008 | 170405t1973 s ||||| |||| 00| 0 s d | ||
| 020 | _a84-7057-142-7 | ||
| 040 |
_aCO-MdFUSB _bspa _cCO-MdFUSB _dCO-MdFUSBC _erda |
||
| 041 | 0 | _aeng | |
| 082 | 0 | 4 | _aG 209 B6466h |
| 245 | 1 | 0 |
_aHistoria religionum _b: Manual de historia de las religiones. I Religiones del pasado _c/ C. Jouco Bleeker, Geo Widengren, Directores ; J. Valentine Malla, Traductor |
| 264 | 4 |
_aHuesca, Madrid, España : _b Cristiandad _c©1973 |
|
| 300 | _a668 Pag. | ||
| 336 |
_2rdacontent _a1 _ba1 |
||
| 337 |
_2rdamedia _a2 _b5 |
||
| 338 |
_2rdacarrier _a2 _b5 |
||
| 500 | _aTítulo original : Historia religionum. Handbook for the history of religions. I Religions of the past | ||
| 505 | 0 | 0 | _aGeo Widengren: prolegómenos: la crítica de las fuentes y la vida de los grandes fundadores -- E.O. James: religión prehistórica -- C. J Bleeker: la religión del antiguo Egipto -- W. H. Ph. Romer: la religión de la antigua Mesopotamia -- H.Ringgren: la religión de la antigua Siria -- Geo Widengren: religión judeo-israelita -- H. Otten: la religión de los hititas -- J. Duchesne-Guillemin: la religión del antiguo Irán -- A.W.H Adkins: religión griega -- R. Schilling: religión romana -- M. J. Vermaseren: religiones helenísticas -- J. Doresse: gnosticismo -- Jes P. Amussen: maniqueísmo -- H. R. Ellis Davidson: la religión de los germanos -- Maartje Draak: la religión de los celtas -- F. Vynke: la religión de los esclavos -- Laurette Séjourné: la antigua religión mexicana -- Antje Kelm: la religión del Perú precolombino |
| 650 | 7 |
_aReligiones _9386 |
|
| 653 | _aReligiones - Historia | ||
| 942 | _cBK | ||
| 999 |
_c32821 _d32821 |
||